[Event "Hastings Masters"]
[Site "Hastings, England"]
[Date "2015.01.02"
[Round "5.36"]
[White "Shepley, Julien M"]
[WhiteElo "1942"]
[Black "Snape, Ian L"]
[BlackElo "2162"]
[Result "1/2-1/2"]

1. e4 c5 2. b3 Nf6 3. e5 Nd5 4. Bb2 Nc6 5. Nf3 Nc7 6. a4 Ne6 7. Na3 g6 8. Nc4
Bg7 9. g3 d6 10. exd6 Bxb2 11. Nxb2 O-O 12. d7 Bxd7 13. Bg2 Qc7 14. O-O Ned4
15. c3 Nxf3+ 16. Qxf3 Be6 17. Nc4 Rad8 18. Ra2 Rd7 19. Re1 Bd5 20. Qe3 Bxg2 21.
Kxg2 Rd5 22. Qe4 Qd7 23. Re2 Kg7 24. f4 Rh5 25. Ne3 Qh3+ 26. Kg1 e5 27. fxe5
Rxe5 28. Qf4 Qe6 29. d4 {ineligible scoresheet} 1/2-1/2

[Event "Hastings Masters"]
[Site "Hastings, England"]
[Date "2015.01.02"
[Round "5.37"]
[White "Sugden, John N"]
[WhiteElo "2105"]
[Black "Fleming, Andrew S J"]
[BlackElo "1928"]
[Result "1-0"]

1. e4 e6 2. d4 d5 3. e5 c5 4. c3 Qb6 5. Nf3 Bd7 6. Be2 Nc6 7. dxc5 Bxc5 8. O-O
Qc7 9. Bf4 Nge7 10. b4 Ng6 11. Bg3 Be7 12. Bb5 a6 13. Bxc6 Bxc6 14. Re1 a5 15.
Qd4 axb4 16. cxb4 Ra4 17. a3 Bd7 18. Nc3 Ra8 19. Nxd5 exd5 20. e6 Qd8 21. exd7+
Qxd7 22. Qxg7 {0-0-0 which is illegal.  Then Rac1} 1-0

[Event "Hastings Masters"]
[Site "Hastings, England"]
[Date "2015.01.02"
[Round "5.38"]
[White "Kalaiyalahan, Akshaya"]
[WhiteElo "2080"]
[Black "Kyrkjebo, Hanna B."]
[BlackElo "1831"]
[Result "1/2-1/2"]

1. Nf3 d5 2. g3 Nf6 3. Bg2 c6 4. O-O Bg4 5. d3 e6 6. Qe1 Be7 7. e4 O-O 8. Nbd2
Nbd7 9. b3 a5 10. a4 Qc7 11. Bb2 b5 12. h3 Bxf3 13. Bxf3 bxa4 14. Rxa4 Nb6 15.
Ra1 a4 16. bxa4 Rxa4 17. Rxa4 Nxa4 18. Ba1 Qa5 19. Nb3 Qxe1 20. Rxe1 Bb4 21.
Rb1 Nc3 22. Bxc3 Bxc3 23. Nc1 Be5 24. Rb6 Rc8 25. Nb3 dxe4 26. dxe4 Nd7 27. Rb7
Rc7 28. Rxc7 Bxc7 29. Be2 e5 1/2-1/2

[Event "Hastings Masters"]
[Site "Hastings, England"]
[Date "2015.01.02"
[Round "5.39"]
[White "Akshay V Halagannavar"]
[WhiteElo "1881"]
[Black "Wadsworth, Matthew J"]
[BlackElo "2064"]
[Result "0-1"]

1. Nf3 g6 2. g3 Bg7 3. Bg2 e5 4. e4 Nc6 5. O-O Nge7 6. c3 O-O 7. d4 exd4 8.
cxd4 d5 9. e5 f6 10. exf6 Bxf6 11. Bh6 Re8 12. Be3 Nf5 13. Re1 Be6 14. Nc3 Qd7
15. Rc1 Rad8 16. Ng5 0-1

[Event "Hastings Masters"]
[Site "Hastings, England"]
[Date "2015.01.02"
[Round "5.40"]
[White "Froewis, Annika"]
[WhiteElo "2036"]
[Black "Willson, Ollie"]
[BlackElo "1874"]
[Result "1-0"]

1. e4 c5 2. Nf3 e6 3. d4 cxd4 4. Nxd4 Nc6 5. Nc3 Qc7 6. Be3 a6 7. Bd3 b5 8. O-O
Nf6 9. Nxc6 dxc6 10. f4 Be7 11. Kh1 Bd7 12. Qf3 b4 13. Nd1 c5 14. e5 Bc6 15.
Qe2 Nd5 16. Bxa6 g5 17. Bb5 Rg8 18. fxg5 Nxe3 19. Nxe3 Rxg5 20. Qf3 Bxb5 21.
Qxa8+ Bd8 22. Rfd1 Rxe5 23. Ng4 Re2 24. a4 Bc6 25. Nf6+ Ke7 26. Ng8+ Ke8 27.
Rxd8+ Qxd8 28. Qxc6+ Kf8 29. Qf3 Rxc2 30. Nh6 Qd7 31. a5 Rxb2 32. Rd1 Qe7 33.
Rd8+ Kg7 34. Rg8+ 1-0

[Event "Hastings Masters"]
[Site "Hastings, England"]
[Date "2015.01.02"
[Round "5.41"]
[White "Larsen, Andreas"]
[WhiteElo "2010"]
[Black "Brewer, Callum D"]
[BlackElo "1793"]
[Result "1-0"]

1. e4 c6 2. d4 d5 3. e5 Bf5 4. h4 h5 5. Bg5 Qb6 6. Bd3 Bxd3 7. Qxd3 e6 8. Ne2
Nd7 9. Nd2 c5 10. c3 Be7 11. O-O Bxg5 12. hxg5 Ne7 13. Nf4 g6 14. c4 Qc6 15.
Rac1 Rc8 16. b4 b6 17. b5 Qb7 18. cxd5 Nxd5 19. Qf3 O-O 20. Ne4 Qa8 21. Nd6
Nxf4 22. Qxf4 Rcd8 23. Rfd1 cxd4 24. Rxd4 Nc5 25. Rc3 Nb7 26. Rc7 Nxd6 27. exd6
Rc8 28. Qf6 Qb8 29. Rdc4 Rxc7 30. dxc7 Qc8 31. Qe7 Re8 32. Qxe8+ 1-0

[Event "Hastings Masters"]
[Site "Hastings, England"]
[Date "2015.01.02"
[Round "5.42"]
[White "Higgs, Joshua"]
[WhiteElo "1863"]
[Black "Fraser, John"]
[BlackElo "1934"]
[Result "1/2-1/2"]

1. e4 c5 2. Nf3 d6 3. Bb5+ Bd7 4. Bxd7+ Qxd7 5. c4 Nc6 6. Nc3 g6 7. d4 cxd4 8.
Nxd4 Bg7 9. Be3 Nf6 10. f3 O-O 11. O-O Rfc8 12. b3 Qd8 13. Qd2 Qa5 14. Rfd1 a6
15. a4 Nd7 16. Rab1 Nxd4 17. Bxd4 Bxd4+ 18. Qxd4 Qc5 19. Qxc5 Rxc5 20. Kf2 f5
21. exf5 gxf5 22. Re1 Kf7 23. Rbd1 Nf6 24. Rd3 1/2-1/2

[Event "Hastings Masters"]
[Site "Hastings, England"]
[Date "2015.01.02"
[Round "5.43"]
[White "Stonehouse, Tom H"]
[WhiteElo "1798"]
[Black "Fryer, David W"]
[BlackElo "2004"]
[Result "1-0"]

1. e4 d6 2. d4 Nf6 3. Nc3 e5 4. Nf3 Nbd7 5. Be2 Be7 6. O-O c6 7. Be3 Qc7 8. Qd2
h6 9. a4 Nf8 10. Nh4 g6 11. f4 exf4 12. Bxf4 g5 13. e5 gxf4 14. exf6 Bxf6 15.
Qxf4 Bg5 16. Qe4+ Be6 17. d5 cxd5 18. Qd4 Qc5 19. Qxc5 dxc5 20. Bb5+ Nd7 21.
Nf5 a6 22. Be2 Ne5 23. Nd6+ Ke7 24. Nxb7 Be3+ 25. Kh1 Rhb8 26. Na5 c4 27. Bf3
Rxb2 28. Nxd5+ Bxd5 29. Bxd5 Rc8 30. Rae1 Rc5 31. Rxe3 Rxd5 32. Nxc4 Rxc2 33.
Nxe5 Kd6 34. Nxf7+ Kc7 35. h3 Rdd2 36. Re7+ Kb6 37. Re6+ Ka5 38. Rg6 h5 39.
Rf5+ Kxa4 40. Rxa6+ Kb4 41. Rb6+ Kc4 42. Rg6 1-0

[Event "Hastings Masters"]
[Site "Hastings, England"]
[Date "2015.01.02"
[Round "5.44"]
[White "Spanton, Tim R"]
[WhiteElo "2002"]
[Black "French, Max"]
[BlackElo "1763"]
[Result "1-0"]

1. e4 c6 2. c4 d5 3. exd5 cxd5 4. cxd5 Qxd5 5. Nc3 Qd8 6. Nf3 Nc6 7. d4 e6 8.
Bc4 Nf6 9. O-O Bb4 10. Bf4 O-O 11. Rc1 b6 12. Nb5 Bb7 13. a3 Be7 14. Re1 Rc8
15. Ba2 a6 16. Nc3 Bd6 17. Bg5 Be7 18. Bb1 h6 19. Be3 Ng4 20. Qd3 g6 21. Bf4
Kh7 22. Rxe6 Nxd4 23. Nxd4 Bc5 24. Rxg6 f5 25. Rxg4 Be4 26. Nxe4 1-0

[Event "Hastings Masters"]
[Site "Hastings, England"]
[Date "2015.01.02"
[Round "5.45"]
[White "Boardman, Jeffrey"]
[WhiteElo "1999"]
[Black "Pooley, Mark C"]
[BlackElo "1686"]
[Result "1-0"]

1. e4 b6 2. d4 Bb7 3. Nc3 e6 4. Nf3 Bb4 5. Bd3 Nf6 6. Qe2 d5 7. e5 Ne4 8. Bd2
Bxc3 9. bxc3 Nxd2 10. Kxd2 Qc8 11. Ng5 h6 12. Qh5 Qd7 13. Nxf7 O-O 14. Nxh6+
gxh6 15. Qxh6 Qf7 16. Qg5+ Qg7 17. Qe3 Ba6 18. h4 Bxd3 19. cxd3 Nd7 20. Rh3 Kf7
21. Rg1 Ke7 22. g4 Rf7 23. f4 Raf8 24. f5 exf5 25. gxf5 Qh7 26. f6+ Kd8 27. h5
Re8 28. Qg5 Nf8 29. h6 Ne6 30. Qg4 Kc8 31. Rh5 Kb7 32. Rh4 Rff8 33. Qg6 Rf7 34.
Qxh7 Rxh7 35. Rg6 Reh8 36. f7 Nf8 37. Rg8 Kc8 38. Rhg4 Kd8 39. Rxh8 Rxh8 40.
Rg8 Rxh6 41. Rxf8+ Ke7 42. Rc8 Kxf7 43. Rxc7+ Ke8 44. Rxa7 Rh2+ 45. Kc1 Rh1+
46. Kb2 Rh2+ 47. Kb3 Rd2 48. Rb7 Rd1 49. Kc2 Ra1 50. Kb2 Rd1 51. Rxb6 Rxd3 52.
Rd6 Rd2+ 53. Kb3 Rd1 54. Rxd5 Rb1+ 55. Kc2 Rh1 56. a4 Rh2+ 57. Kb3 Rh1 58. a5
Ke7 59. Kb4 Rb1+ 60. Kc5 Rb3 61. c4 Ra3 62. Kb4 Ra1 63. Rd6 Rb1+ 64. Kc5 Rb8
65. a6 Ra8 66. Kb6 Rb8+ 67. Kc7 Ra8 68. Kb7 Re8 69. a7 Kf7 70. c5 Re7+ 71. Kb6
Re8 72. c6 Rc8 73. c7 Re8 74. Rd8 Re6+ 75. Kb7 1-0

[Event "Hastings Masters"]
[Site "Hastings, England"]
[Date "2015.01.02"
[Round "5.46"]
[White "McKenna, John R"]
[WhiteElo "1722"]
[Black "Pickersgill, Adrian O"]
[BlackElo "1994"]
[Result "1/2-1/2"]

1. d4 d6 2. Nf3 Bg4 3. c4 Nd7 4. Nc3 e5 5. e3 Ngf6 6. Be2 c6 7. O-O Be7 8. b3
O-O 9. Bb2 e4 10. Nd2 Bxe2 11. Qxe2 d5 12. f3 exf3 13. Qxf3 Qa5 14. a3 Rae8 15.
b4 Qa6 16. b5 cxb5 17. Nxb5 Qb6 18. a4 Bb4 19. c5 Qe6 20. Bc3 Bxc3 21. Nxc3
Qxe3+ 22. Qxe3 Rxe3 23. Nb5 a6 1/2-1/2

[Event "Hastings Masters"]
[Site "Hastings, England"]
[Date "2015.01.02"
[Round "5.47"]
[White "Da Ces, Philippe"]
[WhiteElo "1978"]
[Black "Dean, Michael J"]
[BlackElo "1574"]
[Result "1-0"]

1. d4 Nf6 2. Nf3 e6 3. Bg5 c5 4. e3 cxd4 5. exd4 b6 6. Bd3 Bb7 7. O-O d6 8. c4
Be7 9. Nc3 Nbd7 10. Re1 O-O 11. Qe2 Re8 12. Rad1 h6 13. Bh4 g5 14. Bg3 Nh5 15.
d5 Nxg3 16. hxg3 exd5 17. cxd5 Nf6 18. Bb5 Nd7 19. Nd4 a6 20. Nc6 Bxc6 21. Bxc6
Ra7 22. Rd3 Ne5 23. Bxe8 Nxd3 24. Bxf7+ Kxf7 25. Qxd3 Qh8 26. Re6 b5 27. Qg6+
Kf8 28. Ne4 Rd7 29. Nf6 Bxf6 30. Re8# 1-0

[Event "Hastings Masters"]
[Site "Hastings, England"]
[Date "2015.01.02"
[Round "5.48"]
[White "Kyrkjebo, Marte B."]
[WhiteElo "1598"]
[Black "Wettasinha, Vasanta"]
[BlackElo "1761"]
[Result "0-1"]

1. e4 c5 2. Nc3 g6 3. d4 cxd4 4. Qxd4 Nf6 5. Nf3 Nc6 6. Qa4 d6 7. e5 dxe5 8.
Nxe5 Qd4 9. Nxc6 Qxa4 10. Nxa4 bxc6 11. Be3 Bg7 12. Be2 O-O 13. Bf3 Nd5 14. Bc5
Ba6 15. O-O-O Bb5 16. Bxd5 Bxa4 17. Bf3 Bf6 18. Rhe1 Bg5+ 19. Kb1 Rfe8 20. b3
Rab8 21. Bxa7 Rb7 22. Bd4 Bb5 23. Ka1 Rc7 24. c4 Ba6 25. Bb6 Rcc8 26. a4 Bf6+
27. Ka2 Bb7 28. Rd7 Ba8 29. a5 c5 30. Bxa8 Rxa8 31. Ra7 Rac8 32. a6 Rc6 33. Rb7
Ra8 34. Rd1 Rxa6+ 35. Kb1 Raxb6 36. Rxb6 Rxb6 37. Kc2 Rd6 38. Rb1 Rd4 39. Re1
Kg7 40. f3 h5 41. h3 g5 42. g4 hxg4 43. hxg4 Rf4 44. Re3 e6 45. Kd2 Bd4 46. Rd3
f5 47. gxf5 exf5 48. Ke2 Kg6 49. Kd2 g4 50. fxg4 fxg4 51. Rg3 Kg5 52. Ke2 Rf2+
53. Ke1 Rf3 54. Rg2 Rxb3 55. Rc2 Rb1+ 56. Ke2 Rb2 57. Rxb2 Bxb2 0-1

[Event "Hastings Masters"]
[Site "Hastings, England"]
[Date "2015.01.02"
[Round "5.49"]
[White "Macrae, James S"]
[WhiteElo "1723"]
[Black "Denham, Colin"]
[BlackElo "1685"]
[Result "1/2-1/2"]

1. d4 d5 2. Nf3 Nf6 3. Bg5 Nbd7 4. e3 h6 5. Bf4 c6 6. Nbd2 e6 7. Bd3 Nb6 8. O-O
Bd6 9. Ne5 Qc7 10. Qf3 Nbd7 11. Nxd7 Bxd7 12. Bxd6 Qxd6 13. Rfe1 O-O-O 14. a3
Rhf8 15. b4 e5 16. Qg3 Nh5 17. Qxe5 Qxe5 18. dxe5 f6 19. Rec1 Rfe8 20. f4 Be6
21. Nf3 d4 22. Nxd4 Nxf4 23. exf4 Rxd4 24. Rf1 Bc4 25. Bxc4 Rxc4 26. Rac1 Rd8
27. c3 Rd2 28. Rf2 Rd3 29. g3 Rcxc3 30. Rxc3 Rxc3 31. Ra2 Kc7 1/2-1/2

[Event "Hastings Masters"]
[Site "Hastings, England"]
[Date "2015.01.02"
[Round "5.50"]
[White "Dennis, Nigel W"]
[WhiteElo "1842"]
[Black "Haegin, Thomas"]
[BlackElo "1460"]
[Result "1-0"]

1. e4 e5 2. Nf3 Nc6 3. Bb5 a6 4. Ba4 Nf6 5. O-O Be7 6. Re1 b5 7. Bb3 d6 8. c3
O-O 9. h3 Bb7 10. d4 Re8 11. Nbd2 Bf8 12. Bc2 g6 13. Nf1 exd4 14. cxd4 Nb4 15.
Ng3 Nxc2 16. Qxc2 h6 17. Bd2 c6 18. Rad1 Nd7 19. a3 Bg7 20. Bf4 Qc7 21. Qd2
Rad8 22. Bxh6 Nb6 23. Bxg7 Kxg7 24. Qg5 Kh7 25. Qf6 1-0